Objets du quotidien mal décrits - Statistiques

Statistiques générales
  • Ce quiz a été pris 27 fois
  • Le résultat moyen est 10 sur 15
Statistiques - réponses
Hint Réponse % Correct
Planche de bois améliorée, tous les modèles se ressemblent (sauf la couleur mais azy). Différentes tailles sont souvent utilisées (basse par exemple...) Table
83%
Un des seuls objets personnels autorisés en examen. Stylo
79%
Contenant de prédilection pour la caféine, personnalisable à souhait. Tasse
79%
Jamais présentes quand on en a besoin, toujours perdues, souvent dans le sac à main. Clé
75%
On peut y voir Bardella, une éponge et la météo en l'espace de 15 minutes. Télévision
75%
Moto des pauvres. Vélo
75%
Support à tonton beauf, bière dans une main et pizza dans l'autre, populaire chez les fans de foot mais pas que... Canapé
71%
Objet solide, forme que souhaite prendre Gims pour Bella. Chaise
67%
Toujours pleine d'énergie, sauf quand on en a besoin. Nécessaire pour alimenter un objet de contrôle à distance. Pile
67%
Extension de bras, souvent critiqué par les daronnes. Téléphone
63%
Réceptacle à mucus. Et pas que... Mouchoir
54%
Bon endroit où jeter son argent. Les voyeurs regardent à travers, les voyous les cassent. Fenêtre
50%
Contraire de Git push, vendu avec ours (in english please), tu le donnes à ta donzelle si elle a froid. Pull
50%
Hypeeeeeer viteeeeeessse ! Toupie
50%
Objet permettant de récupérer de l'énergie capable de survivre à un séisme causé par deux individus. Sert également de support de stockage pour objets en tous genres. Lit
25%
Aucun quiz correspondant
Distribution des résultats
% des personnes avec chaque résultat
Percentile par nombre de réponses
Votre historique - résultats
Vous n’avez pas pris ce quiz